000
00276nam a2200097Ia 4500
005
20250424112849.0
008
250424s9999 xx 000 0 und d
300
_a
vii, 155 p. :ill. ; 25 cm.
650
_a
Technology--Periodicals. Technology--Nigeria--Periodicals.
942
_c
SR
999
_c
37571
_d
37571